[Event "George Trundle NZ Reserves 2017"]
[Site "Auckland, NZL"]
[Date "2017.10.04"]
[Round "5.1"]
[White "Ha, Huy Minh (Timothy)"]
[Black "Wang, Aaron Ziwen"]
[Result "1-0"]
[BlackElo "1530"]
[WhiteElo "1690"]
[LiveChessVersion "1.4.8"]

1. d4 {[%clk 1:30:54]} Nf6 {[%clk 1:30:49]} 2. c4 {[%clk 1:31:17]} g6
{[%clk 1:30:47]} 3. Nc3 {[%clk 1:31:36]} Bg7 {[%clk 1:30:40]} 4. g3
{[%clk 1:30:07]} O-O {[%clk 1:29:35]} 5. Bg2 {[%clk 1:30:29]} c6 {[%clk 1:23:32]}
6. Nf3 {[%clk 1:29:04]} d5 {[%clk 1:23:28]} 7. cxd5 {[%clk 1:24:56]} Nxd5
{[%clk 1:22:58]} 8. e4 {[%clk 1:24:11]} Nb6 {[%clk 1:22:23]} 9. O-O
{[%clk 1:24:18]} Bg4 {[%clk 1:22:10]} 10. Ne2 {[%clk 1:20:22]} N8d7
{[%clk 1:12:07]} 11. h3 {[%clk 1:18:33]} Bxf3 {[%clk 1:09:15]} 12. Bxf3
{[%clk 1:19:00]} e6 {[%clk 1:01:59]} 13. Rb1 {[%clk 1:14:20]} f5 {[%clk 1:01:38]}
14. exf5 {[%clk 1:11:30]} exf5 {[%clk 1:00:17]} 15. Qb3+ {[%clk 1:10:49]} Kh8
{[%clk 1:00:01]} 16. Nf4 {[%clk 1:10:08]} Qf6 {[%clk 0:50:27]} 17. Ne6
{[%clk 1:07:44]} Rf7 {[%clk 0:48:46]} 18. Bg5 {[%clk 1:08:00]} Qxg5
{[%clk 0:33:12]} 19. Nxg5 {[%clk 1:08:22]} Re7 {[%clk 0:33:25]} 20. Rfe1
{[%clk 1:07:40]} Rae8 {[%clk 0:33:08]} 21. Rxe7 {[%clk 1:08:02]} Rxe7
{[%clk 0:33:28]} 22. Nf7+ {[%clk 1:08:27]} Rxf7 {[%clk 0:32:08]} 23. Qxf7
{[%clk 1:08:55]} Nf6 {[%clk 0:32:01]} 24. Re1 {[%clk 1:08:34]} Nc8
{[%clk 0:29:29]} 25. Re8+ {[%clk 1:08:17]} Nxe8 {[%clk 0:29:52]} 26. Qxe8+
{[%clk 1:08:41]} Bf8 {[%clk 0:30:05]} 27. Qxf8# {[%clk 1:09:05]} 1-0

[Event "George Trundle NZ Reserves 2017"]
[Site "Auckland, NZL"]
[Date "2017.10.04"]
[Round "5.2"]
[White "Carpinter, Bernard"]
[Black "Qin, Nicole Shu Yu"]
[Result "1/2-1/2"]
[BlackElo "1547"]
[WhiteElo "1860"]
[LiveChessVersion "1.4.8"]

1. Nf3 {[%clk 1:30:57]} e6 {[%clk 1:30:54]} 2. g3 {[%clk 1:31:14]} d5
{[%clk 1:30:59]} 3. Bg2 {[%clk 1:31:13]} c6 {[%clk 1:30:41]} 4. c4
{[%clk 1:31:04]} Nf6 {[%clk 1:28:49]} 5. O-O {[%clk 1:30:05]} Nbd7
{[%clk 1:26:57]} 6. b3 {[%clk 1:27:13]} Bd6 {[%clk 1:24:54]} 7. d4
{[%clk 1:26:51]} b6 {[%clk 1:22:20]} 8. Bb2 {[%clk 1:26:57]} O-O {[%clk 1:17:19]}
9. Nbd2 {[%clk 1:27:12]} Bb7 {[%clk 1:17:07]} 10. Qc2 {[%clk 1:27:26]} Rc8
{[%clk 1:13:50]} 11. e4 {[%clk 1:24:23]} dxe4 {[%clk 1:08:24]} 12. Nxe4 Be7 13.
Ne5 {[%clk 1:20:32]} Nxe4 {[%clk 1:02:20]} 14. Bxe4 {[%clk 1:19:08]} f5
{[%clk 1:02:43]} 15. Bd3 {[%clk 1:15:40]} c5 {[%clk 0:59:41]} 16. Rae1
{[%clk 1:07:04]} Nf6 {[%clk 0:50:23]} 17. dxc5 {[%clk 1:05:54]} Bxc5
{[%clk 0:50:31]} 18. Be2 {[%clk 1:03:40]} Qc7 {[%clk 0:44:19]} 19. Bf3
{[%clk 1:02:24]} Ne4 {[%clk 0:43:16]} 20. Nd3 {[%clk 1:02:21]} Bd6
{[%clk 0:37:12]} 21. Bg2 {[%clk 0:59:09]} Rce8 {[%clk 0:32:56]} 22. f3
{[%clk 0:57:52]} Nc5 {[%clk 0:32:44]} 23. Ne5 {[%clk 0:57:10]} Nd7
{[%clk 0:30:26]} 24. Nxd7 {[%clk 0:56:15]} Qxd7 {[%clk 0:30:39]} 25. f4
{[%clk 0:56:25]} Bc5+ {[%clk 0:29:30]} 26. Kh1 {[%clk 0:56:41]} a5
{[%clk 0:25:28]} 27. Rd1 {[%clk 0:56:48]} Qc8 {[%clk 0:25:20]} 28. Bxb7
{[%clk 0:54:22]} Qxb7+ {[%clk 0:25:44]} 29. Qg2 {[%clk 0:54:44]} Qc8
{[%clk 0:24:39]} 30. Rd3 {[%clk 0:54:11]} Rd8 {[%clk 0:24:29]} 31. Rfd1
{[%clk 0:54:29]} Rxd3 {[%clk 0:22:46]} 32. Rxd3 {[%clk 0:54:50]} Rd8
{[%clk 0:22:31]} 33. Rxd8+ {[%clk 0:53:33]} Qxd8 {[%clk 0:22:55]} 34. Qe2
{[%clk 0:51:25]} Qd7 {[%clk 0:20:20]} 35. h3 {[%clk 0:50:24]} Kf8
{[%clk 0:10:10]} 36. Kh2 {[%clk 0:48:23]} Bd4 {[%clk 0:05:40]} 37. Bxd4
{[%clk 0:44:10]} Qxd4 {[%clk 0:06:06]} 38. Qxe6 {[%clk 0:44:32]} Qf2+
{[%clk 0:06:08]} 39. Kh1 {[%clk 0:44:55]} 1/2-1/2

[Event "George Trundle NZ Reserves 2017"]
[Site "Auckland, NZL"]
[Date "2017.10.04"]
[Round "5.3"]
[White "Meng, Richard"]
[Black "Qin, Oscar Shu Xuan"]
[Result "1-0"]
[BlackElo "1415"]
[WhiteElo "1646"]
[LiveChessVersion "1.4.8"]

1. c4 {[%clk 1:30:51]} e5 {[%clk 1:30:53]} 2. Nc3 {[%clk 1:31:17]} Nc6
{[%clk 1:31:15]} 3. g3 {[%clk 1:30:39]} f5 {[%clk 1:31:40]} 4. Bg2
{[%clk 1:29:43]} Nf6 {[%clk 1:32:02]} 5. e3 {[%clk 1:29:07]} d5 {[%clk 1:32:02]}
6. cxd5 {[%clk 1:29:28]} Nb4 {[%clk 1:32:28]} 7. d3 {[%clk 1:29:56]} Nfxd5
{[%clk 1:32:14]} 8. Nxd5 {[%clk 1:28:16]} Nxd5 {[%clk 1:32:39]} 9. Nf3
{[%clk 1:28:03]} Bd6 {[%clk 1:28:21]} 10. O-O {[%clk 1:27:35]} c6
{[%clk 1:28:45]} 11. a3 {[%clk 1:26:00]} O-O {[%clk 1:28:47]} 12. Qb3
{[%clk 1:24:46]} Kh8 {[%clk 1:28:19]} 13. e4 {[%clk 1:23:22]} Nf6
{[%clk 1:26:04]} 14. Bg5 {[%clk 1:20:16]} Qe7 {[%clk 1:24:11]} 15. Rfe1
{[%clk 1:17:07]} h6 {[%clk 1:23:38]} 16. Nh4 {[%clk 1:15:29]} Kh7
{[%clk 1:18:40]} 17. Bxf6 {[%clk 1:13:27]} Rxf6 {[%clk 1:18:13]} 18. exf5
{[%clk 1:13:44]} Bc5 {[%clk 1:06:04]} 19. Be4 {[%clk 1:11:26]} Bd4
{[%clk 0:55:10]} 20. Re2 {[%clk 1:05:34]} Rb8 {[%clk 0:47:21]} 21. Rc1
{[%clk 1:00:14]} Bd7 {[%clk 0:47:16]} 22. Nf3 {[%clk 0:57:56]} Qd6
{[%clk 0:39:30]} 23. g4 {[%clk 0:57:20]} b6 {[%clk 0:24:06]} 24. g5
{[%clk 0:54:26]} Rff8 {[%clk 0:22:00]} 25. f6+ {[%clk 0:52:59]} g6
{[%clk 0:20:31]} 26. h4 {[%clk 0:51:49]} c5 {[%clk 0:19:21]} 27. h5
{[%clk 0:50:41]} Bf5 {[%clk 0:17:46]} 28. Bxf5 {[%clk 0:50:56]} gxf5
{[%clk 0:17:35]} 29. g6+ {[%clk 0:51:21]} Kh8 {[%clk 0:17:40]} 30. g7+
{[%clk 0:51:34]} Kh7 {[%clk 0:18:05]} 31. gxf8=Q {[%clk 0:51:31]} Rxf8
{[%clk 0:18:17]} 32. Nxd4 {[%clk 0:51:21]} cxd4 {[%clk 0:18:31]} 33. Qb5
{[%clk 0:50:46]} Rg8+ {[%clk 0:18:18]} 34. Kf1 {[%clk 0:50:56]} Qxf6
{[%clk 0:17:22]} 35. Qxe5 {[%clk 0:50:52]} Qh4 {[%clk 0:17:19]} 36. Rc7+
{[%clk 0:51:05]} 1-0

[Event "George Trundle NZ Reserves 2017"]
[Site "Auckland, NZL"]
[Date "2017.10.04"]
[Round "5.4"]
[White "Braganza, Nadia"]
[Black "Mukkattu, Philip"]
[Result "1/2-1/2"]
[BlackElo "1676"]
[WhiteElo "1517"]
[LiveChessVersion "1.4.8"]

1. e4 {[%clk 1:30:53]} c6 {[%clk 1:30:23]} 2. d4 {[%clk 1:30:54]} d5
{[%clk 1:30:43]} 3. Nc3 {[%clk 1:30:41]} dxe4 {[%clk 1:31:02]} 4. Nxe4
{[%clk 1:31:01]} Bf5 {[%clk 1:31:27]} 5. Ng3 {[%clk 1:30:10]} Bg6
{[%clk 1:31:55]} 6. h4 {[%clk 1:29:12]} h6 {[%clk 1:32:05]} 7. Nf3
{[%clk 1:28:39]} Nd7 {[%clk 1:32:08]} 8. h5 {[%clk 1:28:06]} Bh7 {[%clk 1:32:27]}
9. Bd3 {[%clk 1:27:36]} Bxd3 {[%clk 1:32:53]} 10. Qxd3 {[%clk 1:27:54]} Ngf6
{[%clk 1:33:01]} 11. Bd2 {[%clk 1:25:48]} e6 {[%clk 1:33:09]} 12. O-O-O
{[%clk 1:25:13]} c5 {[%clk 1:32:15]} 13. Ne4 {[%clk 1:15:24]} cxd4
{[%clk 1:26:35]} 14. Nxf6+ {[%clk 1:08:48]} Nxf6 {[%clk 1:23:14]} 15. Qxd4
{[%clk 1:07:56]} Qxd4 {[%clk 1:12:11]} 16. Nxd4 {[%clk 1:08:11]} Rc8
{[%clk 1:09:33]} 17. Be3 {[%clk 0:46:43]} a6 {[%clk 1:09:44]} 18. Nb3
{[%clk 0:43:40]} Be7 {[%clk 1:05:33]} 19. Bd4 {[%clk 0:41:53]} O-O
{[%clk 1:02:31]} 20. Bxf6 {[%clk 0:41:08]} Bxf6 {[%clk 1:02:55]} 21. Rd7
{[%clk 0:39:30]} b5 {[%clk 0:58:15]} 22. Rhd1 {[%clk 0:37:30]} Rfd8
{[%clk 0:57:33]} 23. Rxd8+ {[%clk 0:37:29]} Rxd8 {[%clk 0:51:38]} 24. Rxd8+
{[%clk 0:37:27]} Bxd8 {[%clk 0:50:56]} 25. Kd2 {[%clk 0:36:51]} Bb6
{[%clk 0:50:58]} 26. f3 {[%clk 0:36:55]} f5 {[%clk 0:50:39]} 27. Nc1
{[%clk 0:31:10]} Kf7 {[%clk 0:50:32]} 28. Nd3 {[%clk 0:30:32]} Kf6
{[%clk 0:45:35]} 29. f4 {[%clk 0:28:08]} Bg1 {[%clk 0:40:53]} 30. b3
{[%clk 0:22:18]} g6 {[%clk 0:38:25]} 31. hxg6 {[%clk 0:21:09]} Kxg6
{[%clk 0:38:48]} 32. Ke2 {[%clk 0:20:22]} Bd4 {[%clk 0:31:52]} 33. Kf3
{[%clk 0:12:36]} Kf6 {[%clk 0:26:19]} 34. g3 {[%clk 0:10:16]} h5 {[%clk 0:22:40]}
35. c4 {[%clk 0:09:07]} Ke7 {[%clk 0:13:42]} 36. Nb4 {[%clk 0:08:30]} Kd6
{[%clk 0:11:42]} 37. Nxa6 {[%clk 0:06:57]} bxc4 {[%clk 0:11:54]} 38. bxc4
{[%clk 0:06:38]} Bc3 {[%clk 0:09:55]} 39. a3 {[%clk 0:05:59]} Bb2
{[%clk 0:09:44]} 40. Nb4 {[%clk 0:35:53]} Bxa3 {[%clk 0:39:33]} 41. Nd3
{[%clk 0:35:44]} Bc5 {[%clk 0:38:57]} 42. Kg2 {[%clk 0:35:04]} Bd4
{[%clk 0:37:01]} 43. Kh3 {[%clk 0:32:17]} Bf6 {[%clk 0:36:07]} 44. Kg2
{[%clk 0:27:02]} Kc6 {[%clk 0:31:32]} 45. Kf3 {[%clk 0:25:06]} Bd4
{[%clk 0:31:24]} 46. Ke2 {[%clk 0:19:17]} Kb6 {[%clk 0:29:29]} 47. Kd2
{[%clk 0:18:07]} Ka5 {[%clk 0:28:04]} 48. Ke2 {[%clk 0:17:45]} Ka4
{[%clk 0:27:00]} 49. Kd2 {[%clk 0:17:27]} Bg1 {[%clk 0:22:17]} 50. Ke2 1/2-1/2

[Event "George Trundle NZ Reserves 2017"]
[Site "Auckland, NZL"]
[Date "2017.10.04"]
[Round "5.5"]
[White "Peak, Stephen"]
[Black "Nagorski, Alex"]
[Result "0-1"]
[BlackElo "1843"]
[WhiteElo "1670"]
[LiveChessVersion "1.4.8"]

1. e4 {[%clk 1:25:38]} e5 {[%clk 1:30:41]} 2. Nf3 {[%clk 1:25:54]} Nc6
{[%clk 1:31:09]} 3. Bc4 {[%clk 1:25:34]} Bc5 {[%clk 1:31:34]} 4. c3
{[%clk 1:25:52]} Nf6 {[%clk 1:31:14]} 5. d4 {[%clk 1:26:14]} exd4
{[%clk 1:31:40]} 6. cxd4 {[%clk 1:26:35]} Bb4+ {[%clk 1:32:04]} 7. Nc3
{[%clk 1:26:59]} Nxe4 {[%clk 1:32:23]} 8. O-O {[%clk 1:27:13]} Bxc3
{[%clk 1:32:06]} 9. d5 {[%clk 1:27:23]} Ne5 {[%clk 1:32:17]} 10. bxc3
{[%clk 1:26:55]} Nxc4 {[%clk 1:23:04]} 11. Qd4 {[%clk 1:27:19]} O-O
{[%clk 1:22:54]} 12. Qxe4 {[%clk 1:26:47]} Nd6 {[%clk 1:21:16]} 13. Qg4
{[%clk 1:21:36]} f5 {[%clk 1:20:51]} 14. Qh5 {[%clk 1:18:51]} Qe8
{[%clk 1:17:22]} 15. Qh4 {[%clk 1:12:41]} Qe4 {[%clk 1:16:39]} 16. Qh5
{[%clk 1:08:27]} Qxd5 {[%clk 1:11:25]} 17. Ng5 {[%clk 1:06:02]} h6
{[%clk 1:09:03]} 18. Nf3 {[%clk 1:05:35]} Qf7 {[%clk 1:08:17]} 19. Qh4
{[%clk 1:05:18]} Qf6 {[%clk 1:08:15]} 20. Ba3 {[%clk 0:58:25]} Qxh4
{[%clk 0:59:32]} 21. Nxh4 {[%clk 0:58:50]} Rf6 {[%clk 0:59:10]} 22. Rfe1
{[%clk 0:58:37]} Kf7 {[%clk 0:59:11]} 23. Bxd6 {[%clk 0:54:42]} cxd6
{[%clk 0:59:26]} 24. Rad1 {[%clk 0:52:42]} b6 {[%clk 0:55:48]} 25. Re3
{[%clk 0:49:07]} Bb7 {[%clk 0:39:43]} 26. Rde1 {[%clk 0:48:30]} Kf8
{[%clk 0:37:43]} 27. Re7 {[%clk 0:45:08]} Bc6 {[%clk 0:37:52]} 28. R1e3
{[%clk 0:43:08]} f4 {[%clk 0:36:37]} 29. Re1 {[%clk 0:42:49]} g5 {[%clk 0:36:43]}
30. Nf3 {[%clk 0:42:07]} Bxf3 {[%clk 0:36:47]} 31. gxf3 {[%clk 0:42:33]} Rf7
{[%clk 0:36:21]} 32. R7e4 {[%clk 0:42:12]} Rc8 {[%clk 0:35:54]} 33. c4
{[%clk 0:41:51]} Kg7 {[%clk 0:35:12]} 34. Kf1 {[%clk 0:40:00]} Rc5
{[%clk 0:35:12]} 35. Rd1 {[%clk 0:36:25]} Rc6 {[%clk 0:35:21]} 36. Rde1
{[%clk 0:35:48]} Kg6 {[%clk 0:34:37]} 37. Kg2 {[%clk 0:34:07]} Rf8
{[%clk 0:33:20]} 38. Rd1 {[%clk 0:32:46]} Rf6 {[%clk 0:29:54]} 39. Rd2
{[%clk 0:31:10]} Re6 {[%clk 0:30:13]} 40. Red4 {[%clk 1:01:15]} Kf6
{[%clk 1:00:35]} 41. Kf1 {[%clk 0:57:26]} Ke7 {[%clk 1:00:41]} 42. h4
{[%clk 0:51:19]} Kd8 {[%clk 0:59:46]} 43. hxg5 {[%clk 0:50:51]} hxg5
{[%clk 1:00:07]} 44. Kg2 {[%clk 0:49:55]} Kc7 {[%clk 0:58:56]} 45. Kh3
{[%clk 0:49:52]} Rh6+ {[%clk 0:52:17]} 46. Kg4 {[%clk 0:50:07]} Rc5
{[%clk 0:51:46]} 47. Rd5 {[%clk 0:50:02]} Rxc4 {[%clk 0:49:05]} 48. Kxg5
{[%clk 0:50:19]} Re6 {[%clk 0:49:14]} 49. R5d4 {[%clk 0:48:08]} Rxd4
{[%clk 0:47:49]} 50. Rxd4 {[%clk 0:48:34]} Re2 {[%clk 0:48:08]} 51. Ra4
{[%clk 0:47:21]} a5 {[%clk 0:48:26]} 52. Kxf4 {[%clk 0:47:42]} Rxf2
{[%clk 0:47:13]} 53. Ke3 {[%clk 0:45:16]} Rf1 {[%clk 0:47:10]} 54. Rc4+
{[%clk 0:43:18]} Kd8 {[%clk 0:47:22]} 55. f4 {[%clk 0:39:18]} Ke7
{[%clk 0:46:55]} 56. a4 {[%clk 0:34:09]} d5 {[%clk 0:46:45]} 57. Rc2
{[%clk 0:32:58]} Ra1 {[%clk 0:46:31]} 58. Rb2 {[%clk 0:33:12]} Rxa4
{[%clk 0:43:56]} 59. Rxb6 {[%clk 0:33:35]} Rb4 {[%clk 0:43:58]} 60. Rxb4
{[%clk 0:31:55]} axb4 {[%clk 0:44:14]} 61. Kd3 {[%clk 0:31:32]} Kf6
{[%clk 0:44:23]} 62. Kc2 {[%clk 0:31:53]} Kf5 {[%clk 0:44:47]} 63. Kb3
{[%clk 0:32:14]} Kxf4 {[%clk 0:45:12]} 64. Kxb4 {[%clk 0:32:41]} Ke3 0-1